| 000 | 00864nam a2200241 i 4500 | ||
|---|---|---|---|
| 001 | 171293 | ||
| 003 | ES-MaACL | ||
| 005 | 20250808062759.0 | ||
| 008 | 090508s1966 sp |||| | spa d | ||
| 017 | _aM 10339-1966 | ||
| 100 | 1 |
_aAmbrosio _cSanto, Obispo de Milán. _9189014 |
|
| 245 | 1 | 0 |
_aObras de San Ambrosio. _nI, _pTratado sobre el Evangelio de San Lucas / _cedición preparada por Manuel Garrido Bonaño. |
| 250 | _aEd. bilingüe. | ||
| 260 |
_aMadrid : _b[La Editorial Católica], _c1966. |
||
| 300 |
_aXI, 647 p. ; _c20 cm. |
||
| 490 | 1 |
_aBiblioteca de autores cristianos ; _v257 |
|
| 546 | _aTexto en latín y traducción en español. | ||
| 700 | 1 |
_aGarrido Bonaño, Manuel. _9140008 |
|
| 830 | 0 | 0 |
_aBiblioteca de autores cristianos _v257 _9178679 |
| 852 |
_aES-MaACL _jJ-252 _9R.46092 |
||
| 999 |
_c171293 _d171293 |
||